000 00929nam a22002177a 4500
005 20150210164943.0
008 100129s2007 ck ab gr 00010 spa d
040 _aCO-BoIAVH
_cCO-BoIAVH
041 _aspa
044 _ack
082 0 4 _a307.1412
_bC718p
245 0 0 _aPolítica pública distrital de ruralidad :
_bdesde un enfoque de garantía de los derechos humanos : síntesis de discusión y acuerdos del proceso colectivo de construcción /
_cfotografías Juan Carlos Gutiérrez.
260 3 _aBogotá
_bAlcaldía Mayor de Bogotá
_c2007.
300 _a135 p. :
_bil., mapas ;
_c28 cm.
500 _aDecreto No 327 del 25 de julio de 2007.
650 _aDesarrollo rural
_x Legislación
_z Bogotá (Colombia)
_932861
650 6 _aDesarrollo sostenible
_z Bogotá (Colombia)
_932862
651 6 _aBogotá (Colombia)
_x Condiciones rurales.
_932863
700 1 _aGutiérrez, Juan Carlos,
_efot.
_91727
942 _2ddc
_cLIBRO
999 _c7595
_d7595